50 Dictateurs par mandats - Statistiques

Statistiques générales
  • Ce quiz a été pris 197 fois
    64 depuis la dernière actualisation
  • Le résultat moyen est 21 sur 50
Statistiques - réponses
Pays Mandat(s) Réponse % Correct
URSS 1922-1953 Joseph Staline
92%
Allemagne 1934-1945 Adolf Hitler
90%
Italie 1922-1943 Benito Mussolini
88%
Russie 1999-2000 ; 2000-2004 ; 2004-2008 ; 2012-2018 ; 2018-2024 ; 2024-actuellement Vladimir Poutine
88%
France 1940-1944 Philippe Pétain
80%
Espagne 1939-1975 Francisco Franco
78%
Chine 1949-1976 Mao Zedong
78%
Cuba 1959–2006 Fidel Castro
74%
Yougoslavie 1953-1990 Josip Broz Tito
74%
Corée du Nord 2012-2016 ; 2016-2020 ; 2020-actuellement Kim Jong Un
74%
Irak 1979-2003 Saddam Hussein
72%
Corée du Nord 1994-2011 Kim Jong Il
68%
Cambodge 1975-1979 Pol Pot
64%
Portugal 1933-1974 António de Oliveira Salazar
62%
Biélorussie 1994-2001 ; 2001-2006 ; 2006-2011; 2011-2015 ; 2015-2020 ; 2020-actuellement Alexandre Loukachenko
60%
Chili 1974-1990 Augusto Pinochet
60%
Syrie 2000-2024 Bachar al-Assad
60%
Turquie 2014-2018 ; 2018-2023 ; 2023-actuellement Recep Tayyip Erdogan
58%
Japon 1926-1989 Hiro-Hito
54%
Corée du Nord 1972-1994 Kim Il-sung
52%
Libye 1969-2011 Mouammar Kadhafi
52%
Chine 2013-actuellement Xi Jinping
50%
Egypte 1956-1970 Gamal Abdel Nasser
44%
Venezuela 2013-2019 ; 2019-actuellement Nicolas Maduro
44%
Vietnam 1945-1969 Hô Chi Minh
42%
Algérie 1999-2004 ; 2004-2009 ; 2009-2014 ; 2014-2019 Abdelaziz Bouteflika
36%
Iran 1989-actuellement Ali Khamenei
34%
Ouganda 1971-1979 Idi Amin Dada
32%
Arabie Saoudite 2017-actuellement Mohammed ben Salmane
32%
Serbie 1989-1990 ; 1991-1997 ; 1997-2000 Slobodan Milošević
30%
Roumanie 1974-1989 Nicolae Ceauşescu
28%
République Centrafricaine 1966-1976 Jean-Bedel Bokassa
24%
Zimbabwe 1987-1990 ; 1990-1991 ; 1991-1996 ; 1996-2002 ; 2002-2008 ; 2008-2013 ; 2013-2017 Robert Mugabe
24%
Albanie 1945-1985 Enver Hoxha
22%
République Démocratique du Congo 1965-1997 Mobutu Sese Seko
20%
Cameroun 1982-1984 ; 1984-1988 ; 1988-1992 ; 1992-1997 ; 1997-2004 ; 2004-2011 ; 2011-2018 ; 2018-actuellement Paul Biya
18%
Paraguay 1954-1989 Alfredo Stroessner
14%
Haitï 1971-1986 Baby Doc (Jean-Claude Duvalier)
14%
Azerbaïdjan 2003-actuellement Ilham Aliyev
14%
Haitï 1957-1971 Dady Doc (François Duvalier)
12%
Philippines 1965-1986 Ferdinand Marcos
10%
Argentine 1976-1981 Rafael Videla
10%
Guinée Equatoriale 1979-1982 ; 1982-1989 ; 1989-1996 ; 1996-2003 ; 2003-2009 ; 2009-2016 ; 2016-2022 ; 2022-actuellement Teodoro Obiang
10%
Nicaragua 1985-1990 ; 2007-actuellement Daniel Ortega
8%
République Dominicaine 1930-1938 ; 1942-1952 Rafael Trujillo
8%
Somalie 1969-1991 Mohamed Siad Barre
6%
Kazakhstan 1990-1991 ; 1991-1999 ; 1999-2006 ; 2006-2011 ; 2011-2015 ; 2015-2019 Noursoultan Äbichouly Nazarbaïev
6%
Afghanistan 1973-1978 Daoud Khan
2%
Colombie 1953-1957 Gustavo Rojas Pinilla
2%
Lettonie 1936-1940 Karlis Ulmanis
0%
Aucun quiz correspondant
Distribution des résultats
% des personnes avec chaque résultat
Percentile par nombre de réponses
Votre historique - résultats
Vous n’avez pas pris ce quiz depuis la dernière actualisation